000 00569nam a2200169Ia 4500
003 GCL
008 140319s9999 xx 000 0 ara d
040 _aGCL /
_cGCL
082 0 4 _aد
_b050
_bد هـ
245 1 0 _aالهلال مارس 1995 : ادب نسائى ام نساء اديبات ؟
260 _aالقاهرة :
_bدار الهلال للطباعة والنشر ،
_c1995
650 0 4 _aالادب العربى
650 0 4 _aالمقالات العربية
650 0 4 _aالمرأة
650 0 4 _aالمرأة - احوال اجتماعية
942 _2ddc
_cCR
999 _c6670
_d6670